Central Library OPAC University of Rajshahi

The Phillips curve and labor markets / (Record no. 2597)

MARC details
000 -LEADER
fixed length control field 01335cam a2200337 i 4500
001 - CONTROL NUMBER
control field 2597
003 - CONTROL NUMBER IDENTIFIER
rucl marc code BD-RjUL
005 - DATE AND TIME OF LATEST TRANSACTION
control field 20211208233604.0
008 - FIXED-LENGTH DATA ELEMENTS--GENERAL INFORMATION
fixed length control field 131212r19771976enka | 100 | eng
020 ## - INTERNATIONAL STANDARD BOOK NUMBER
International Standard Book Number 0444110070
International Standard Book Number 0720403693 (pbk) :
035 ## - SYSTEM CONTROL NUMBER
System control number (BD-RjUL)2624
040 ## - CATALOGING SOURCE
Original cataloging agency Uk
Transcribing agency Uk
Modifying agency UkOxU
-- BD-RjUL
Language of cataloging eng
041 ## - LANGUAGE CODE
Language code of text/sound track or separate title eng
082 04 - DEWEY DECIMAL CLASSIFICATION NUMBER
Classification number 331.120724
Edition number 19
Author mark and year PHI 1977
245 04 - TITLE STATEMENT
Title The Phillips curve and labor markets /
Statement of responsibility, etc. editors Karl Brunner, Allan H. Meltzer.
260 ## - PUBLICATION, DISTRIBUTION, ETC. (IMPRINT)
Place of publication, distribution, etc. Amsterdam ;
-- Oxford :
Name of publisher, distributor, etc. North-Holland Publishing Co,
Date of publication, distribution, etc. c1976 [2nd. Printinted 1977].
300 ## - PHYSICAL DESCRIPTION
Pagination [7],164p. :
Illustrations ill. ;
Size 23 cm.
490 0# - SERIES STATEMENT
Series statement Carnegie-Rochester conference series on public policy ;
Volume/sequential designation vol.1
500 ## - GENERAL NOTE
General note ' ... papers presented at the April 1973 conference' - Introduction to the series.
504 ## - BIBLIOGRAPHY, ETC. NOTE
Bibliography, etc Includes bibliographies.
650 #0 - SUBJECT ADDED ENTRY--TOPICAL TERM
Topical term or geographic name as entry element Labor supply
General subdivision Mathematical models
-- Congresses.
9 (RLIN) 8395
Topical term or geographic name as entry element Econometrics
General subdivision Congresses.
9 (RLIN) 6929
Topical term or geographic name as entry element Wages
General subdivision Mathematical models
-- Congresses.
9 (RLIN) 8396
Topical term or geographic name as entry element Economic policy
General subdivision Mathematical models
-- Congresses.
9 (RLIN) 8397
700 1# - ADDED ENTRY--PERSONAL NAME
Personal name Brunner, Karl,
Dates associated with a name 1916-1989.
Personal name Meltzer, Allan Harold.
856 ## - ELECTRONIC LOCATION AND ACCESS
Uniform Resource Identifier <a href="http://www.worldcat.org/title/phillips-curve-and-labor-markets/oclc/805687440&referer=brief_results">http://www.worldcat.org/title/phillips-curve-and-labor-markets/oclc/805687440&referer=brief_results</a>
942 ## - ADDED ENTRY ELEMENTS (KOHA)
Source of classification or shelving scheme Dewey Decimal Classification
Koha item type Books
Holdings
Lost status Source of classification or shelving scheme Damaged status Not for loan Collection code Permanent Location Current Location Shelving location Date acquired Source of acquisition Total Checkouts Full call number Date last seen Copy number Koha item type
  Dewey Decimal Classification   Not For Loan Non-fiction Central Library, University of Rajshahi Central Library, University of Rajshahi Reading Room 08/10/1980 Netherland.   331.120724 PHI 1977 12/12/2013 C-1 Books